The middle voice : (Record no. 14269)

000 -LEADER
fixed length control field 00615nam a22001817a 4500
008 - FIXED-LENGTH DATA ELEMENTS--GENERAL INFORMATION
fixed length control field 160929b xxu||||| |||| 00| 0 eng d
020 ## - INTERNATIONAL STANDARD BOOK NUMBER
International Standard Book Number 9781611634082
050 ## - LIBRARY OF CONGRESS CALL NUMBER
Classification number HD 42
Item number .S78 2012
100 ## - MAIN ENTRY--PERSONAL NAME
Personal name Stylberg, Joseph B.
245 ## - TITLE STATEMENT
Title The middle voice :
Remainder of title mediating conflict successfully/
Statement of responsibility, etc. Joseph B. Stulberg and Lela P Love.
250 ## - EDITION STATEMENT
Edition statement 2nd ed.
260 ## - PUBLICATION, DISTRIBUTION, ETC. (IMPRINT)
Place of publication, distribution, etc. North Carolina (Durham) :
Name of publisher, distributor, etc. Carolina Academic Press ,
Date of publication, distribution, etc. 2012.
300 ## - PHYSICAL DESCRIPTION
Extent xv, 186p. ;
Other physical details ill. ;
Dimensions 23cm.
650 ## - SUBJECT ADDED ENTRY--TOPICAL TERM
Topical term or geographic name as entry element Conflict management.
650 ## - SUBJECT ADDED ENTRY--TOPICAL TERM
Topical term or geographic name as entry element mediation.
700 ## - ADDED ENTRY--PERSONAL NAME
Personal name Love, Lela P.
942 ## - ADDED ENTRY ELEMENTS (KOHA)
Source of classification or shelving scheme
Koha item type Hard Covered Materials
Classification part HD 42 .S78 2012
Holdings
Withdrawn status Lost status Source of classification or shelving scheme Damaged status Not for loan Home library Current library Shelving location Date acquired Source of acquisition Total Checkouts Full call number Barcode Date last seen Price effective from Koha item type
          MACHAKOS UNIVERSITY LIBRARY MACHAKOS UNIVERSITY LIBRARY Open shelf 29/09/2016 Donation(BFA)   HD 42 .S78 2012 24642 29/09/2016 29/09/2016 Hard Covered Materials
© Machakos University Library, Along The Highway, Machakos Wote Rd, Machakos, Kenya P.O. Box 136 - 90100 Machakos - Kenya

Tel: ( +254 ) 723 805829 OR Fax : 044-20353 OR Email: library@mksu.ac.ke